000 00824nam a2200265 a 4500
001 16062
003 BD-RjUL
005 20211208235938.0
008 140211r20092005ii 001 0 eng d
020 _a9788131504918
035 _a(BD-RjUL)16117
040 _aOX/U-1
_beng
_cOX/U-1
_dBD-RjUL
041 _aeng
082 0 4 _a658.15
_bBRF 2009
_220
100 1 _aBrigham, Eugene F.
_948416
245 1 0 _aFinancial management :
_btext and cases /
_cEugene F. Brigham and Michel C. Ehrhardt.
250 _aIndia ed.
260 _aIndia :
_bSaurabh Printers Pvt. Ltd.,
_cc2005 [reprinted 2009].
300 _a802 p. ;
_c24 cm.
504 _aIncludes index.
650 0 _aCorporations
_xFinance
_949722
650 0 _aCorporations
_xFinance
_vCase studies
_949723
700 1 _aEhrhardt, Michel C.
_949724
942 _2ddc
_cBK
_04
999 _c16062
_d16062